00339nam a2200121Ia 4500008004100000100002700041245005500068260000900123300001300132504001100145650002600156773003500182181130s2018 xx 000 0 und d aSaxena, Naresh Chandra aHas the IAS failed the nation?:ban insider's view c2018 ap.14-17. d23-Jun aCivil service - India aEconomic and Political Weekly